00926nem a22001697a 450000500170000000800410001704000250005804100080008304400070009111000810009824503090017925500470048826000990053530000320063465000230066671000670068920160525081504.0160421b2002 ck ||||| |a|| 00| 0 spa d aCO-BoIAVHcCO-BoIAVH aspa ack2 aInstituto de Investigación de Recursos Biológicos Alexander von Humbolt.1 aCobertura vegetal y uso de suelos zona piloto ensillada pan de azúcarbProyecto de representatividad y caracterización ecológica rápida de los corredores de conservación para el SIRAP- HuilacInstituto de Investigación de recursos biológicos Alexander Von Humboldt.h[Material Cartografico] a1:75.000c(N 4°35'56,57" /O 74°04'51,30) aBogotábInstituto de Investigación de Recursos Biológicos Alexander von Humboldt.,c2002 a1 mapabColor c28 x 42 cm  aSuelos cultivables2 aCorporación Autónoma Regional del Alto MagdalenabColombia